| 000 | 02121nam0a2200409 4500 | ||
|---|---|---|---|
| 001 | rc\2746357 | ||
| 005 | 20260408154358.0 | ||
| 035 | _a(NLR Aleph) 006873420 | ||
| 090 |
_a6971755 _c6971755 |
||
| 100 | _a20110915d1939 |||y0rusy50 ca | ||
| 101 | 0 | _arus | |
| 102 | _aRU | ||
| 105 | _aa z 100zy | ||
| 135 | _acrmn mmmanaba | ||
| 135 | _acrmn mmmanaba | ||
| 135 | _acrmn mmmanaba | ||
| 200 | 1 | _aПостановления 3-го Расширенного пленума Центрального совета СДО "Искра" | |
| 210 |
_aЛенинград _cТипография арт. "Советский печатник" _d1939 |
||
| 215 |
_a8, [2] с. _cтабл. _d20 . |
||
| 300 | _aБез тит. л. Описано по обл. | ||
| 325 | 1 | _aКопия доступна в электронной библиотеке РНБ | |
| 601 | 0 | 2 |
_a"Искра", всесоюзное спортивное общество _bЦентральный совет _bРасширенный пленум _d3 _f1939, январь _jДокументы и материалы _92345128 _3RU\NLR\AUTH\6601624770 |
| 606 |
_aФизическая культура и спорт _jДокументы и материалы _yСССР _91087971 _3RU\NLR\AUTH\66107341 |
||
| 686 | 1 | _aЧ514(2)б | |
| 686 | 1 | _aЧ514(2)765Искра.б | |
| 710 | 0 | 2 |
_a"Искра", всесоюзное спортивное общество _bЦентральный совет _bРасширенный пленум _d3 _f1939, январь _9575546 _3RU\NLR\AUTH\880456145 |
| 801 | 0 |
_aRU _bNLR _gpsbo |
|
| 801 | 1 |
_aRU _bELAR _2rusmarc |
|
| 852 |
_aNLR _j39-10/5773 |
||
| 901 | _eКнижные издания | ||
| 942 | _cBOOK | ||
| 980 | _aNB | ||
| 981 | 2 | 2 |
_a(22) Материалы по истории России _b(22) История России с 25 октября (7 ноября) 1917 года _bКультура. Наука. Просвещение. |